000 00722cam a2200193 a 4500
001 000006411
005 20200929153928.0
008 880701s1987 pr b 000 0 spa
040 _aDO-SdBNP
_bspa
_cBNPHU
082 _aPR863.44
_bZ55c
100 1 _aZeno Gandia, Manuel,
_d1855-1930.
_917818
245 1 3 _aLa charca /
_cManuel Zeno Gandia ; introducción y notas aclaratorias, Carmen Irene Marxuach.
260 _aSan Juan, Puerto Rico :
_bCentro de Estudios Avanzados de Puerto Rico y el Caribe,
_c1987.
300 _a294 p. ;
_c23 cm.
504 _aBibliografía: p. [287]-290.
650 4 _aNovela puertorriqueña
_91185
650 4 _aLiteratura puertorriqueña
_9250
700 1 _aMarxuach, Carmen Irene,
_eintrod.
_917819
999 _c6206
_d6206